Responses for Show #7309 - Thursday, May 26, 2016

Buzzy Cohen game 9.

Contestants

[<< previous game]

Dan Rothfarb, a technical writer and editor from Annandale, Virginia

Riley Molin, a political science student originally from Bloomington, Indiana

Buzzy Cohen, a music executive from Los Angeles, California (whose 8-day cash winnings total $147,803)

[next game >>]

Jeopardy! Round responses

ROMANTICS
TV's GREATEST HITS
WORDS OF ENCOURAGEMENT
MOUNTAIN / MAN
HAZARDOUS
"P" IN FASHION
    $200 6
Harlequin Romance

Riley
    $200 23
Mission: Impossible

Riley
    $200 7
aid

Buzzy
    $200 12
Everest

Dan
    $200 17
bacteria

Buzzy
    $200 1
a pixie

Buzzy
    $400 27
(Buzzy: Who is Liszt?)

Frédéric Chopin

Buzzy
Triple Stumper
    $400 19
Star Trek

Dan
    $400 8
inspire

Buzzy
    $400 13
(Alex: Yes, Simón [*].)

Bolívar

Dan
    $400 18
lightning

Riley
    $400 2
patent leather

Buzzy
    $600 28
Doctor Zhivago

Dan
    $600 20
The Twilight Zone

Dan
    $600 9
support

Dan
    $600 14
Rainier

Dan
    $600 24
street racing

Buzzy
    $1,000 3
a pencil skirt

Buzzy
    $800 29
(Riley: What is "Talking To Myself"?)

"Talking In Your Sleep"

Riley
Triple Stumper
    $800 21
Hawaii Five-O

Buzzy
    $800 10
buoy

Dan
    $800 15
Mount Hood

Dan
    $800 25
the bends

Buzzy
    $800 4
a peasant

Buzzy
    $1000 30
(Riley: What is an aria?)

a serenade

Riley
Triple Stumper
    $1000 22
(Dan: What is Bewitched?)

I Dream of Jeannie

BuzzyDan
    $1000 11
comfort

Dan
    $1000 16
Logan

Triple Stumper
    $1000 26
(Dan: ...What are lithium batteries?)

electromagnetic radiation

Dan
Triple Stumper
    $1000 5
a pareo

Triple Stumper

Scores at the first commercial break (after clue 15):

Buzzy Riley Dan
$3,000 $200 $4,400

Scores at the end of the Jeopardy! Round:

Buzzy Riley Dan
$6,000 -$1,000 $4,000

Double Jeopardy! Round responses

ROME ANTICS
PROLOGUES
"YOUNG" MEN & WOMEN
BEASTLY EXPRESSIONS
MY FIRST CAR
WHAT IS IT?
    $400 15
the Spanish Steps

Buzzy
    $400 29
Don Quixote

Dan
    $400 24
Brigham Young

Buzzy
    $400 1
monkeys

Buzzy
    $400 6
LeBron James

Riley
    $400 30
(Dan: What is Google's headquarters?)
[Before Final Jeopardy!, Alex explained that "There is a Googleplex headquarters for Google, but it is spelled differently than the 'googolplex' in our clue."]

a number

RileyDan
    $800 16
the Colosseum

Buzzy
    $800 28
The Canterbury Tales

Buzzy
    $800 25
Cy Young

Dan
    $800 2
a bull in a china shop

Dan
    $800 7
Jerry Seinfeld

Riley
    $800 14
a football player

Buzzy
    $1200 17
(Alex: Final event in [*]. Buzzy, back to you. You knew it.)

the reunification of Italy

Triple Stumper
    $3,400 22
Pygmalion

Dan
    $1200 26
Loretta Young

Triple Stumper
    $1200 3
kill two birds with one stone

Buzzy
    $1200 9
(Dan: What is Jaguar?)

Triumph

BuzzyDan
    $1200 8
a sail

Buzzy
    $1600 18
Acts (of the Apostles)

Dan
    $1600 21
Tess of the d'Urbervilles

Dan
    $1600 27
Burt Young

Triple Stumper
    $1600 4
poor as a church mouse

Buzzy
    $1600 10
Top Gear

Riley
    $1600 12
a chess strategy

Dan
    $5,000 19
(Dan: [Sighs] What is the fountain?)
(Alex: Yes, but we needed you to say, "What is [*]?")

the Trevi Fountain

Dan
    $2000 20
(Dan: What is A Diamond as Big as the Ritz?)

The Moonstone

Dan
Triple Stumper
    $2000 23
Sean Young

Buzzy
    $2000 5
horse operas

Triple Stumper
    $2000 11
Nova

Dan
    $2000 13
a skin disease

Triple Stumper

Scores at the end of the Double Jeopardy! Round:

Buzzy Riley Dan
$16,800 $2,200 $7,600
(lock game)

[wagering suggestions for these scores]

Final Jeopardy! Round responses

ART HISTORY
(Alex: The painting was Nude Descending a Staircase by [*].)
RileyWho is MC Escher?
$2,199
DanWho is Gustave Klimt
$2,400
BuzzyWho is once more Trebek... once more?
$0
Marcel Duchamp

Final scores:

Buzzy Riley Dan
$16,800 $1 $5,200
9-day champion: $164,603 3rd place: $1,000 2nd place: $2,000

Game dynamics:

Coryat scores:

Buzzy Riley Dan
$16,400 $2,200 $10,400
22 R
(including 1 DD),
1 W
7 R,
2 W
18 R
(including 1 DD),
6 W
(including 1 DD)

Combined Coryat: $29,000

[game clues] [game scores] [suggest correction]

Game tape date: Unknown
The J! Archive is created by fans, for fans. Scraping, republication, monetization, and malicious use prohibited; this site may use cookies and collect identifying information. See terms. The Jeopardy! game show and all elements thereof, including but not limited to copyright and trademark thereto, are the property of Jeopardy Productions, Inc. and are protected under law. This website is not affiliated with, sponsored by, or operated by Jeopardy Productions, Inc. Join the discussion at JBoard.tv.